[Event "Bogoroditsk 07"]
[Site "Bogoroditsk"]
[Date "2013.07.11"]
[Round "13"]
[White "Sosulin, Eduard"]
[Black "Vasiliev, Vladimir P"]
[Result "1/2-1/2"]
[WhiteElo "2349"]
[BlackElo "2351"]
[PlyCount "88"]
[EventDate "2013.07.03"]
[EventType "tourn"]
[EventRounds "13"]
[EventCountry "RUS"]
[EventCategory "2"]
[SourceTitle "EXT 2014"]
[Source "ChessBase"]
[SourceDate "2013.11.20"]
[SourceVersion "1"]
[SourceVersionDate "2013.11.20"]
[SourceQuality "1"]

1. d4 e6 2. e4 c5 3. Nf3 Nc6 4. Nc3 cxd4 5. Nxd4 Qc7 6. Be2 a6 7. 0-0 Nf6 8. Be3 Bb4 9. Na4 Be7 10. Nxc6 bxc6 11. Nb6 Rb8 12. Nxc8 Qxc8 13. Bd4 c5 14. Be5 Rb6 15. Qd3 d6 16. Bc3 0-0 17. b3 d5 18. exd5 Nxd5 19. Be5 Rd8 20. Qg3 Bf6 21. Bxf6 Nxf6 22. Rfd1 h6 23. h3 Rd5 24. c4 Rd8 25. Rxd8+ Qxd8 26. Rd1 Qc8 27. Bf3 a5 28. Qf4 Kf8 29. Qc1 Qc7 30. Qc3 Rb4 31. a3 Rb8 32. Rd3 Ke7 33. Kf1 Rd8 34. Rxd8 Qxd8 35. b4 axb4 36. axb4 cxb4 37. Qxb4+ Qd6 38. c5 Qa6+ 39. Be2 Qa1+ 40. Qe1 Qxe1+ 41. Kxe1 Ne4 42. c6 Kd6 43. Bd3 Nc5 44. Bb5 Nb3 1/2-1/2

[Event "Bogoroditsk 07"]
[Site "Bogoroditsk"]
[Date "2013.07.06"]
[Round "6"]
[White "Vasiliev, Vladimir P"]
[Black "Tishin, Petr"]
[Result "1/2-1/2"]
[WhiteElo "2351"]
[BlackElo "2425"]
[PlyCount "92"]
[EventDate "2013.07.03"]
[EventType "tourn"]
[EventRounds "13"]
[EventCountry "RUS"]
[EventCategory "2"]
[SourceTitle "EXT 2014"]
[Source "ChessBase"]
[SourceDate "2013.11.20"]
[SourceVersion "1"]
[SourceVersionDate "2013.11.20"]
[SourceQuality "1"]

1. e4 c6 2. d4 d5 3. exd5 cxd5 4. c4 Nf6 5. Nc3 g6 6. Qb3 Bg7 7. cxd5 0-0 8. Be2 Nbd7 9. Bf3 Nb6 10. Nge2 Bg4 11. Bxg4 Nxg4 12. a4 Nf6 13. Nf4 a5 14. 0-0 Qd6 15. Nb5 Qd7 16. d6 exd6 17. Be3 Rfc8 18. Rac1 Rxc1 19. Rxc1 Rc8 20. Rxc8+ Nxc8 21. Qc3 b6 22. Qb3 Ne7 23. Nc3 Qb7 24. Qc4 Qb8 25. f3 Qb7 26. Qb5 Nf5 27. Bf2 Ne7 28. Kf1 d5 29. Nd3 Nf5 30. Ne5 h5 31. b3 Bh6 32. Qe2 Qc8 33. Qd3 Bf4 34. g3 Bg5 35. Kg2 Bh6 36. h3 Qe6 37. Nb5 Ne8 38. Qc3 Kg7 39. Qc6 Qxc6 40. Nxc6 Kf6 41. Kf1 Be3 42. Bxe3 Nxe3+ 43. Ke2 Nf5 44. g4 hxg4 45. hxg4 Nfd6 46. Nxd6 Nxd6 1/2-1/2

[Event "Kimovsk"]
[Site "Kimovsk"]
[Date "2011.02.22"]
[Round "5"]
[White "Vasiliev, Vladimir P"]
[Black "Kurilin, Alexander"]
[Result "1/2-1/2"]
[WhiteElo "2367"]
[BlackElo "2291"]
[PlyCount "45"]
[EventDate "2011.02.19"]
[EventType "tourn"]
[EventRounds "9"]
[EventCountry "RUS"]
[EventCategory "7"]
[SourceTitle "CBM 141 Extra"]
[Source "ChessBase"]
[SourceDate "2011.05.03"]
[SourceVersion "1"]
[SourceVersionDate "2011.05.03"]
[SourceQuality "1"]

1. e4 e6 2. d4 d5 3. exd5 exd5 4. Bd3 Bd6 5. Ne2 Ne7 6. 0-0 0-0 7. Bf4 Bf5 8. c3 Bxd3 9. Qxd3 Bxf4 10. Nxf4 c6 11. Re1 Re8 12. Nd2 Nd7 13. h3 Ng6 14. Nxg6 hxg6 15. Rxe8+ Qxe8 16. Kf1 Nf6 17. Re1 Qd7 18. Nf3 Re8 19. Rxe8+ Qxe8 20. Qe2 Kf8 21. Qxe8+ Kxe8 22. Ke2 Ke7 23. Ne5 1/2-1/2

[Event "Kimovsk"]
[Site "Kimovsk"]
[Date "2011.02.20"]
[Round "2"]
[White "Novikov, Maxim"]
[Black "Vasiliev, Vladimir P"]
[Result "1/2-1/2"]
[WhiteElo "2505"]
[BlackElo "2367"]
[PlyCount "68"]
[EventDate "2011.02.19"]
[EventType "tourn"]
[EventRounds "9"]
[EventCountry "RUS"]
[EventCategory "7"]
[SourceTitle "CBM 141 Extra"]
[Source "ChessBase"]
[SourceDate "2011.05.03"]
[SourceVersion "1"]
[SourceVersionDate "2011.05.03"]
[SourceQuality "1"]

1. e4 e6 2. d4 d5 3. exd5 exd5 4. Bd3 Bd6 5. Ne2 Ne7 6. 0-0 0-0 7. Bf4 Bf5 8. c3 Bxd3 9. Qxd3 Bxf4 10. Nxf4 Qd6 11. Qf3 Nd7 12. Nd2 c6 13. Nd3 Ng6 14. Rae1 Rae8 15. Re3 Nh4 16. Qg3 Qxg3 17. hxg3 Rxe3 18. fxe3 Ng6 19. e4 Re8 20. Re1 Nf6 21. e5 Ng4 22. Nf3 f6 23. Nf2 Nxf2 24. Kxf2 Kf7 25. exf6 Rxe1 26. Nxe1 Kxf6 27. Nd3 h5 28. Kf3 Kf5 29. Nc5 b5 30. Nb7 Ne7 31. Nd6+ Kg5 32. Nf7+ Kf5 33. Nd6+ Ke6 34. Ne8 Kf7 1/2-1/2

[Event "Riazan Region-ch"]
[Site "Riazan"]
[Date "2010.10.??"]
[Round "13"]
[White "Gorin, Alexandr2222"]
[Black "Vasiliev, Vladimir P"]
[Result "1/2-1/2"]
[WhiteElo "2193"]
[BlackElo "2348"]
[PlyCount "167"]
[EventDate "2010.10.16"]
[EventType "tourn"]
[EventRounds "13"]
[EventCountry "RUS"]
[SourceTitle "EXT 2013"]
[Source "ChessBase"]
[SourceDate "2012.11.22"]
[SourceVersion "1"]
[SourceVersionDate "2012.11.22"]
[SourceQuality "1"]

1. e4 c5 2. Nf3 Nc6 3. c3 Nf6 4. Bd3 e5 5. 0-0 d6 6. h3 Be7 7. Bc2 0-0 8. d4 h6 9. Be3 Re8 10. Nbd2 Bf8 11. Re1 Bd7 12. Rc1 b6 13. Bb1 Qc8 14. a3 Nh7 15. Ba2 Qc7 16. Nh4 Nd8 17. Qf3 Be6 18. Bxe6 Nxe6 19. Nf5 Kh8 20. Nf1 Nhg5 21. Bxg5 Nxg5 22. Qg4 g6 23. N5g3 Qc8 24. Qxc8 Raxc8 25. dxe5 dxe5 26. Rcd1 Rcd8 27. Ne3 Ne6 28. a4 h5 29. Nc4 f6 30. Ne2 Rxd1 31. Rxd1 Rd8 32. Rxd8 Nxd8 33. Nc1 Kg8 34. Nd3 Nc6 35. f4 exf4 36. Nxf4 Kf7 37. Kf2 Bh6 38. Nd3 Ke6 39. Kf3 Bg5 40. g4 hxg4+ 41. Kxg4 Bh6 42. h4 Bf8 43. Nf4+ Kf7 44. h5 gxh5+ 45. Kxh5 Be7 46. Kg4 Bf8 47. Nd5 Ke6 48. Nc7+ Kd7 49. Nb5 Ke6 50. Nc7+ Kd7 51. Nd5 Ke6 52. Nf4+ Kf7 53. Nd3 Ke6 54. b3 Bh6 55. a5 b5 56. Nxc5+ Ke7 57. Na3 Be3 58. Na6 Nxa5 59. b4 Nc4 60. Nxb5 Bb6 61. Nd4 Ne3+ 62. Kf4 Nc4 63. Nb3 Bf2 64. Kf3 Bb6 65. Nac5 a5 66. bxa5 Bxc5 67. Nxc5 Nxa5 68. Kf4 Nc4 69. Nb3 Ke6 70. Nd4+ Ke7 71. Nf5+ Ke6 72. Ne3 Ne5 73. Kg3 Nf7 74. Kf4 Ne5 75. Nd5 Nc4 76. Nc7+ Kd6 77. Na6 Ke6 78. Nb4 Ne5 79. Nc2 Nc4 80. Ne1 Ke7 81. Ng2 Ke6 82. Nh4 Ke7 83. Nf5+ Ke6 84. Ne3 1/2-1/2

[Event "Riazan-ch"]
[Site "Riazan"]
[Date "2010.04.??"]
[Round "?"]
[White "Vasiliev, Vladimir P"]
[Black "Zuev, Yaroslav"]
[Result "1-0"]
[WhiteElo "2350"]
[BlackElo "2038"]
[PlyCount "49"]
[EventDate "2010.04.??"]
[EventType "swiss"]
[EventRounds "11"]
[EventCountry "RUS"]
[SourceTitle "EXT 2011"]
[Source "ChessBase"]
[SourceDate "2010.11.26"]
[SourceVersion "1"]
[SourceVersionDate "2010.11.26"]
[SourceQuality "1"]

1. d4 c6 2. Nf3 d5 3. c4 Nf6 4. Nc3 dxc4 5. a4 Bf5 6. e3 e6 7. Bxc4 Bb4 8. 0-0 0-0 9. Qe2 c5 10. Na2 Qa5 11. Nxb4 Qxb4 12. b3 Nbd7 13. Bd2 Qb6 14. a5 Qc7 15. Rfc1 b6 16. dxc5 bxc5 17. b4 Ne4 18. Be1 Rfc8 19. Ba6 Rd8 20. Nh4 Qe5 21. f3 Nef6 22. Bg3 Qd5 23. e4 Qd4+ 24. Bf2 Qxb4 25. exf5 1-0

[Event "Riazan Region-ch"]
[Site "Riazan"]
[Date "2009.10.??"]
[Round "?"]
[White "Vasiliev, Vladimir P"]
[Black "Morozov, Vladislav"]
[Result "1-0"]
[WhiteElo "2358"]
[BlackElo "2114"]
[PlyCount "117"]
[EventDate "2009.10.??"]
[EventType "tourn"]
[EventRounds "13"]
[EventCountry "RUS"]
[SourceTitle "EXT 2012"]
[Source "ChessBase"]
[SourceDate "2011.11.24"]
[SourceVersion "1"]
[SourceVersionDate "2011.11.24"]
[SourceQuality "1"]

1. d4 Nf6 2. Nf3 g6 3. Bf4 d5 4. e3 Bg7 5. Bd3 0-0 6. 0-0 c5 7. c3 b6 8. Nbd2 Bb7 9. Qe2 Ne4 10. Rfe1 a6 11. Bxe4 dxe4 12. Ng5 e5 13. dxe5 Nc6 14. Ndxe4 Nxe5 15. Red1 Qe7 16. Nd6 Bc6 17. Nc4 Bb5 18. Bxe5 Bxe5 19. Nf3 Bc7 20. a4 Bc6 21. b3 Rad8 22. Ncd2 Rd7 23. Qxa6 Rfd8 24. Qe2 Rd3 25. Nf1 Rxc3 26. Rxd8+ Bxd8 27. Qb2 Rd3 28. Ne5 Rd6 29. Nxc6 Rxc6 30. Rd1 Bc7 31. Qc3 Rd6 32. Rxd6 Qxd6 33. Qc4 h5 34. g3 Bd8 35. h4 Bf6 36. Kg2 Qc6+ 37. e4 Bd4 38. Nd2 Kg7 39. Qd5 Qf6 40. Nf3 Bc3 41. Ng5 Qe7 42. f4 Bf6 43. Nf3 Bc3 44. e5 f6 45. e6 Ba5 46. f5 gxf5 47. Ng1 Bc3 48. Qxf5 Qd6 49. Nf3 Kh6 50. Qf4+ Qxf4 51. gxf4 Kg7 52. f5 Kf8 53. Kg3 Ke7 54. Kf4 Kd6 55. Ke4 Kc6 56. Kd3 Bb4 57. Nd2 Kd6 58. Nc4+ Ke7 59. Ke2 1-0

[Event "Riazan-ch"]
[Site "Riazan"]
[Date "2009.03.??"]
[Round "?"]
[White "Vasiliev, Vladimir P"]
[Black "Malyshev, Igor"]
[Result "1-0"]
[WhiteElo "2361"]
[BlackElo "2296"]
[PlyCount "57"]
[EventDate "2009.03.??"]
[EventType "swiss"]
[EventRounds "13"]
[EventCountry "RUS"]
[SourceTitle "EXT 2010"]
[Source "ChessBase"]
[SourceDate "2010.11.25"]
[SourceVersion "1"]
[SourceVersionDate "2010.11.25"]
[SourceQuality "1"]

1. d4 Nf6 2. Nf3 e6 3. Bg5 d5 4. e3 Bb4+ 5. c3 Be7 6. Nbd2 b6 7. Bd3 Nbd7 8. Ne5 Nxe5 9. dxe5 Nd7 10. Bf4 c5 11. Nf3 g5 12. Bg3 g4 13. Nd2 h5 14. h3 h4 15. hxg4 c4 16. Bc2 Nc5 17. Nf3 Bb7 18. Nd4 Kd7 19. Bf4 Qg8 20. f3 a6 21. b4 cxb3 22. axb3 b5 23. b4 Na4 24. Bxa4 bxa4 25. Qxa4+ Kc7 26. c4 Qf8 27. c5 Qe8 28. c6 Bxc6 29. Rc1 1-0

[Event "Riazan-ch"]
[Site "Riazan"]
[Date "2009.03.??"]
[Round "?"]
[White "Vasiliev, Vladimir P"]
[Black "Popov, Valerij"]
[Result "1-0"]
[WhiteElo "2361"]
[BlackElo "2570"]
[PlyCount "105"]
[EventDate "2009.03.??"]
[EventType "swiss"]
[EventRounds "13"]
[EventCountry "RUS"]
[SourceTitle "EXT 2010"]
[Source "ChessBase"]
[SourceDate "2010.11.25"]
[SourceVersion "1"]
[SourceVersionDate "2010.11.25"]
[SourceQuality "1"]

1. c4 e6 2. Nf3 d5 3. g3 c5 4. cxd5 exd5 5. Bg2 Nc6 6. d4 Nf6 7. 0-0 Be7 8. h3 0-0 9. Nc3 h6 10. b3 Ne4 11. Bb2 Bf6 12. e3 cxd4 13. Nxe4 dxe4 14. Nxd4 Nxd4 15. Bxd4 Bxd4 16. Qxd4 Qxd4 17. exd4 Bf5 18. g4 Bg6 19. Rfe1 Rfe8 20. Rac1 Re7 21. f4 f5 22. Kf2 Rd8 23. Ke3 Red7 24. Red1 b6 25. Bf1 Kf8 26. Bb5 Rd6 27. Rc7 a5 28. Bc4 Rf6 29. Rg1 fxg4 30. Rxg4 Bf7 31. Bxf7 Rxf7 32. Rxf7+ Kxf7 33. Kxe4 b5 34. Rg2 Rc8 35. d5 a4 36. bxa4 bxa4 37. Rg3 Rc2 38. Ra3 Rc4+ 39. Ke5 Ke7 40. h4 h5 41. Rg3 Kf7 42. Rd3 Rc2 43. d6 Re2+ 44. Kf5 g6+ 45. Kg5 Kg7 46. f5 Re5 47. Kf4 Rxf5+ 48. Ke4 Rf8 49. d7 Rd8 50. Ke5 Kf7 51. Kd6 Ra8 52. Rf3+ Kg7 53. Ke7 1-0

[Event "Riazan op"]
[Site "Riazan"]
[Date "2007.08.??"]
[Round "?"]
[White "Osipov, Anatoly Vladimirovi"]
[Black "Vasiliev, Vladimir P"]
[Result "1/2-1/2"]
[WhiteElo "1847"]
[BlackElo "2352"]
[PlyCount "107"]
[EventDate "2007.08.??"]
[EventType "swiss"]
[EventRounds "9"]
[EventCountry "RUS"]
[SourceTitle "EXT 2009"]
[Source "ChessBase"]
[SourceDate "2008.11.26"]
[SourceVersion "1"]
[SourceVersionDate "2008.11.26"]
[SourceQuality "1"]

1. c4 c6 2. e4 d5 3. cxd5 cxd5 4. exd5 Nf6 5. Nc3 g6 6. Bc4 Bg7 7. Nf3 0-0 8. 0-0 Nbd7 9. Re1 a6 10. Qe2 Nb6 11. Bb3 Re8 12. Ne5 Nbxd5 13. Nxd5 Nxd5 14. Nxf7 Kxf7 15. Qf3+ Kg8 16. Bxd5+ e6 17. Bb3 Rf8 18. Qe2 Bd4 19. Rf1 Qf6 20. d3 Kg7 21. Rb1 Bd7 22. Be3 Rae8 23. Qd2 Bc6 24. Bxd4 Qxd4 25. Qc3 e5 26. Qxd4 exd4 27. Rfe1 Kf6 28. f3 g5 29. Kf2 Kf5 30. Rbc1 h6 31. Rc5+ Kf6 32. a3 Rxe1 33. Kxe1 Re8+ 34. Kf2 Re5 35. Rc4 Bd5 36. Rb4 Bxb3 37. Rxb3 b5 38. a4 Ke6 39. axb5 axb5 40. Ra3 Kd5 41. b4 Re3 42. h3 Ke5 43. Ra5 Rxd3 44. Rxb5+ Kf6 45. Rb6+ Kg7 46. Rd6 Rd2+ 47. Kg3 d3 48. h4 Rb2 49. hxg5 hxg5 50. Kg4 Rxg2+ 51. Kf5 Rb2 52. Kxg5 Rxb4 53. Rd7+ Kf8 54. Rxd3 1/2-1/2

[Event "RUS Central Region-ch"]
[Site "Tula "]
[Date "2007.03.25"]
[Round "9"]
[White "Olenin, Nikolay"]
[Black "Vasiliev, Vladimir P"]
[Result "1/2-1/2"]
[WhiteElo "2394"]
[BlackElo "2347"]
[PlyCount "24"]
[EventDate "2007.03.17"]
[EventType "swiss"]
[EventRounds "9"]
[EventCountry "RUS"]
[SourceTitle "EXT 2008"]
[Source "ChessBase"]
[SourceDate "2007.11.25"]
[SourceVersion "1"]
[SourceVersionDate "2007.11.25"]
[SourceQuality "1"]

1. e4 c5 2. Nf3 Nc6 3. Bb5 g6 4. 0-0 Bg7 5. c3 e5 6. d3 Nge7 7. Be3 d6 8. d4 cxd4 9. cxd4 0-0 10. Nc3 Bg4 11. dxe5 dxe5 12. Be2 Qxd1 1/2-1/2